000 01005nam1a22002531 4500
001 rc\3004621
005 20250807190220.0
035 _a(NLR Aleph) 007147574
090 _a88748
_c88748
100 _a20110920d1941 u y0rusy50 ca
101 0 _arus
102 _aRU
105 _ay z |||||
200 1 _aПрограммы ускоренной боевой подготовки подразделений стрелковых частей
_fУпр. боевой подготовки Красной Армии
210 _aАлма-Ата
_cКазОГИЗ
_d1941
215 _d22 см
710 0 1 _aСССР
_bУправление боевой подготовки Красной армии
801 0 _aRU
_bNLR
_gpsbo
801 1 _aRU
_bELAR
_2rusmarc
852 _aNLR
_jВ60 Г-4/40(2)
942 _cBOOK
945 _aРоссийская национальная библиотека
_aНациональная библиотека Республики Казахстан
980 _aBV
980 _aNB